Гигиена целомудрия (Запись № 4109086)

Подробности
000 -МАРКЕР
контрольное поле 00965nam0a22002651 4500
001 - ИДЕНТИФИКАТОР ЗАПИСИ
контрольное поле v19\rc\1265781
005 - ИДЕНТИФИКАТОР ВЕРСИИ
контрольное поле 20060306182127.4
035 ## - ДРУГИЕ СИСТЕМНЫЕ НОМЕРА
Идентификатор записи (NLR Aleph) 004418939
100 ## - ДАННЫЕ ОБЩЕЙ ОБРАБОТКИ
Данные общей обработки 20060306g1894 |||y0rusy50 ca
101 1# - ЯЗЫК РЕСУРСА
Язык текста, звукозаписи и т.д. русский
Язык оригинала немецкий
102 ## - СТРАНА ПУБЛИКАЦИИ ИЛИ ПРОИЗВОДСТВА
Страна публикации Российская Федерация
105 ## - ПОЛЕ КОДИРОВАННЫХ ДАННЫХ: ТЕКСТОВЫЕ МАТЕРИАЛЫ, МОНОГРАФИЧЕСКИЕ
Кодированные данные о монографическом текстовом документе y z |||||
200 1# - ЗАГЛАВИЕ И СВЕДЕНИЯ ОБ ОТВЕТСТВЕННОСТИ
Основное заглавие Гигиена целомудрия
Первые сведения об ответственности Т.Г. Корниг, д-р медицины
Последующие сведения об ответственности Пер. с нем. и издал д-р медицины Н. Лейненберг
205 ## - СВЕДЕНИЯ ОБ ИЗДАНИИ
Сведения об издании 2-е изд.
210 ## - ПУБЛИКАЦИЯ, РАСПРОСТРАНЕНИЕ И ДР.
Место издания, распространения и т.д. Одесса
Имя издателя, распространителя и т. д. тип. Гальперина и Швейцера
Дата издания, распространения и т.д. 1894-
215 ## - ФИЗИЧЕСКАЯ ХАРАКТЕРИСТИКА
Специфическое обозначение материала и объем 56 с.
Размеры 22
225 1# - СЕРИЯ
Основное заглавие серии Гигиеническая библиотека Н. Лейненберга
700 #1 - ИМЯ ЛИЦА - ПЕРВИЧНАЯ ОТВЕТСТВЕННОСТЬ
Начальный элемент ввода Корниг
Часть имени, кроме начального элемента ввода Т. Г.
702 #1 - ИМЯ ЛИЦА - ВТОРИЧНАЯ ОТВЕТСТВЕННОСТЬ
Начальный элемент ввода Лейненберг
Часть имени, кроме начального элемента ввода Н. П.
Расширение инициалов личного имени Николай Павлович
Код отношения Переводчик
-- Издатель
801 #0 - ИСТОЧНИК ЗАПИСИ
Страна Российская Федерация
Организация NLR
Правила каталогизации psbo
801 #1 - ИСТОЧНИК ЗАПИСИ
Страна Российская Федерация
Организация ProSoft-M
Источник данных rusmarc
852 ## - МЕСТОНАХОЖДЕНИЕ И ШИФР ХРАНЕНИЯ
Идентификатор организации NLR
Шифр хранения (Call Number) 18.279.1.519
942 ## - ДОПОЛНИТЕЛЬНЫЕ ЭЛЕМЕНТЫ ЗАПИСИ (АБИС)
Тип экземпляра АБИС Книга
980 ## - КОЛЛЕКЦИЯ
Название коллекции Национальная библиография
Экземпляры
Тип экземпляра Дата поступления Библиотека постоянного хранения Библиотека текущего хранения Место хранения Шифр хранения Штрих-код Статус экземпляра
Книга 26.10.2013 РНБ (Садовая) РНБ (Садовая) Русский книжный фонд -Главное здание, Ленинский читальный зал 18.279.1.519 4418939-10